000 00687nam a2200229Ia 4500
001 12698
003 GE_BSU
008 181216s||||||||xx |||||||||||||| ||und||
040 _cGE_BSU
080 _a633.61
100 _aБаранов,В.Д.
245 _aСахарный тростник
245 _bБиология возделывание в тропиках и субтропиках
245 _cРед.Ж.В.Медведева
260 _aМосква
260 _bИзд-во ун-та дружбы народов
260 _c1991
300 _a191стр.21см.
300 _eПриложение
653 _aСахарный тростник
942 _cBK
999 _c45869
_d45869